000 00777nam a22002177a 4500
999 _c7531
_d7531
003 AR-CdUCM
008 190320b ||||| |||| 00| 0 spa d
040 _aMUNICIPALIDAD PROVINCIAL DEL CUSCO
_cBIBLIOTECA MUNICIPAL DEL CUSCO
082 _a620.1 /
_bI12
100 _aIbañez Garcia, Miguel
_921259
245 _aMecánica aplicada a la construcción :
_bEstática Aplicada /
260 _aMadrid :
_bDossat,
_c1963.
300 _a568 paginas ;
_bDiagramas,
_c29 cm.
505 _aContenido :Generalidades --De las fuerzas y de sus momentos --Condiciones generales de equilibrio de fuerza en el plano --
650 _aEstática
_920065
650 _aIngeniería
_910043
650 _aProblemas
_99246
650 _aEjercicios
_919599
942 _2ddc
_cLIBROS
945 _arjall